| Tag |
First Indicator |
Second Indicator |
Subfields |
| LEADER |
00000cam a2200000 4500 |
| 001 |
in00000187813 |
| 005 |
20151009054011.0 |
| 008 |
750314s1967 ksua b 00000 eng |
| 010 |
|
|
|a 67007828
|
| 035 |
|
|
|a (OCoLC)01215786
|
| 035 |
|
|
|9 AAW6504AM
|
| 040 |
|
|
|a DLC
|c DRB
|d OCL
|d TXA
|d UtOrBLW
|
| 049 |
|
|
|a TXAM
|c [850373]
|
| 050 |
|
0 |
|a NE2180.R68
|b K3
|
| 082 |
0 |
|
|a 709/.42
|
| 110 |
2 |
|
|a University of Kansas.
|b Museum of Art.
|
| 245 |
1 |
4 |
|a The school for scandal: Thomas Rowlandson's London ;
|b an account of his life & times & especially his depictions of the theatre, together with some discussion of the life & works of Richard Brinsley Sheridan & of his play The school for scandal as performed at the University Theatre.
|
| 264 |
|
1 |
|a Lawrence,
|b [publisher not identified] ;
|c 1967.
|
| 300 |
|
|
|a 78 pages :
|b illustrations ;
|c 23cm.
|
| 336 |
|
|
|a text
|b txt
|2 rdacontent
|
| 337 |
|
|
|a unmediated
|b n
|2 rdamedia
|
| 338 |
|
|
|a volume
|b nc
|2 rdacarrier
|
| 490 |
1 |
|
|a Miscellaneous publications of the Museum of Art, no. 66
|
| 500 |
|
|
|a "A catalogue of the exhibition held at the Museum of Art, University of Kansas, February 8th-March 12th."
|
| 504 |
|
|
|a Includes bibliographies.
|
| 600 |
1 |
0 |
|a Rowlandson, Thomas,
|d 1756-1827.
|
| 700 |
1 |
|
|a Sheridan, Richard Brinsley,
|d 1751-1816.
|t School for scandal.
|
| 830 |
|
0 |
|a Miscellaneous publication of the Museum of Art ;
|v no. 66.
|
| 999 |
|
|
|a MARS
|
| 999 |
f |
f |
|s d98965d3-a670-35f2-bc9f-b7f05d523275
|i 4f3a6677-6564-300c-8b68-61ff7ee2a502
|t 0
|
| 952 |
f |
f |
|p normal
|a Texas A&M University
|b College Station
|c Sterling C. Evans Library
|d Evans: Library Stacks
|t 0
|e NE2180.R68 K3
|h Library of Congress classification
|i unmediated -- volume
|m A14803496037
|
| 998 |
f |
f |
|a NE2180.R68 K3
|t 0
|l Evans: Library Stacks
|